000
00327nam a22001337a 4500
008
210426b ||||| |||| 00| 0 eng d
041
_a
eng
080
_a
316
082
_a
316
100
_a
50
101
_a
SOC
245
_a
Intellectual Property Rights for Indigenous Peoples a Source Book
_c
Tom Greaves
942
_2
udc
_c
BK
999
_c
56796
_d
56796